Train the simulator trainer and assessor (Model Course 6.10) / (Record no. 221)

000 -LEADER
fixed length control field 00495 a2200157 4500
008 - FIXED-LENGTH DATA ELEMENTS--GENERAL INFORMATION
fixed length control field 220330b ||||| |||| 00| 0 eng d
020 ## - INTERNATIONAL STANDARD BOOK NUMBER
International Standard Book Number 9789280115598
082 00 - DEWEY DECIMAL CLASSIFICATION NUMBER
Classification number 623.8824
Item number I339
110 ## - MAIN ENTRY--CORPORATE NAME
9 (RLIN) 76
Corporate name or jurisdiction name as entry element International Maritime Organization
245 ## - TITLE STATEMENT
Title Train the simulator trainer and assessor (Model Course 6.10) /
260 ## - PUBLICATION, DISTRIBUTION, ETC. (IMPRINT)
Place of publication, distribution, etc London:
Name of publisher, distributor, etc International Maritime Organization,
Date of publication, distribution, etc 2012.
300 ## - PHYSICAL DESCRIPTION
Extent 1 CD: v, 142 p.
490 0# - SERIES STATEMENT
Series statement Model Course;
Volume number/sequential designation 6.10
650 #0 - SUBJECT ADDED ENTRY--TOPICAL TERM
Topical term or geographic name as entry element Marine Engineers
942 ## - ADDED ENTRY ELEMENTS (KOHA)
Source of classification or shelving scheme
Item type Books
Holdings
Withdrawn status Lost status Source of classification or shelving scheme Damaged status Not for loan Permanent location Current location Date acquired Source of acquisition Cost, normal purchase price Full call number Barcode Date last seen Cost, replacement price Koha item type
          IMU Kolkata IMU Kolkata 2019-09-16 Sterling Book House 2038.14 623.8824 I339 13167 2019-09-16 2264.61 Books
          IMU Kolkata IMU Kolkata 2019-09-16 Sterling Book House 2038.14 623.8824 I339 13168 2019-09-16 2264.61 Books
          IMU Kolkata IMU Kolkata 2017-03-23 Sterling Book House 2038.14 623.8824 I339 12175 2020-01-13 2264.61 Books
Designed and Maintained by IMU-KC Library, Kolkata Campus © Copyright All Rights Reserved

webs counters

Powered by Koha